000 00524nam a2200169Ia 4500
008 090201s9999 xx 000 0 und d
010 _aKPL-18288
040 _bमराठी
041 _aमराठी
082 _a6216
_b18288
100 _aनरेंद्रनाथ मित्र
245 _aमहानगर
_cनरेंद्रनाथ मित्र
260 _c2004
_bश्री प्रकाशन
300 _a121
_bमोठा
600 _aमहानगर
942 _cBOOK
999 _c207049
_d207049